|
|
|
|
| LEADER |
00000nam a22000007a 4500 |
| 005 |
20190521005714.0 |
| 007 |
cr|||| |||| |
| 008 |
190521s2016 co |||||s|||| 00||0 spa d |
| 020 |
|
|
|a 978-958-774-286-2
|
| 035 |
|
|
|a 23298
|
| 040 |
|
|
|a vLex
|
| 090 |
|
|
|c 8781
|d 8781
|
| 100 |
1 |
|
|a Alviar Garca̕, Helena
|
| 245 |
1 |
0 |
|a Perspectivas jurd̕icas para la paz
|h [Recurso electrn̤ico] /
|c Helena Alviar Garca̕, Isabel C. Jaramillo Sierra
|
| 256 |
|
|
|a Servicio en ln̕ea
|
| 260 |
|
|
|a Bogot:̀
|b Universidad de Los Andes (Colombia),
|c 2016
|
| 300 |
|
|
|a 1 recurso electrn̤ico
|
| 506 |
1 |
|
|a Disponible solo en los productos indicados
|d vLex Global
|d vLex Global (Academic Edition, excluding Law Schools)
|d vLex Global (U.S. Academic Edition, Law Schools)
|d vLex Global (U.S. Academic Edition, excluding Law Schools)
|d vLex Global (Academic Edition, Law Schools)
|
| 650 |
0 |
4 |
|a Derecho Constitucional
|z Colombia
|
| 650 |
0 |
4 |
|a Derecho Internacional
|z Colombia
|
| 700 |
1 |
|
|a Jaramillo Sierra, Isabel C.
|
| 740 |
0 |
|
|a vLex Libros (Servicio en ln̕ea)
|
| 856 |
4 |
0 |
|u http://vlex.com/source/perspectivas-juridicas-paz-23298
|z Acceso restringido
|
| 942 |
|
|
|c BOOK
|
| 999 |
0 |
|
|a Constitutional Law
|
| 999 |
0 |
|
|a International Law
|